000 00474nam a22001817a 4500
005 20221206120951.0
008 221206b |||||||| |||| 00| 0 eng d
020 _a0273757334
082 _a658.4012
100 _aJohnson, Gerry
245 _aFundamentals of Strategy
250 _a2ed.
260 _aHarlow:
_bPearson,
_c2012
300 _axix, 284p.: ill.; 24cm
500 _aInclude Index
700 _aWhittington, Richard and Scholes, Kevan
942 _2ddc
_cBK
_n0
999 _c21770
_d21770